Social security: A situational analysis of social pensions in Madhya Pradesh (Record no. 109773)

000 -LEADER
fixed length control field 01287pab a2200193 454500
008 - FIXED-LENGTH DATA ELEMENTS--GENERAL INFORMATION
fixed length control field 180718b2015 xxu||||| |||| 00| 0 eng d
100 ## - MAIN ENTRY--PERSONAL NAME
Personal name Yogesh Kumar
245 ## - TITLE STATEMENT
Title Social security: A situational analysis of social pensions in Madhya Pradesh
260 ## - PUBLICATION, DISTRIBUTION, ETC.
Date of publication, distribution, etc. 2015
300 ## - PHYSICAL DESCRIPTION
Extent p.681-696.
362 ## - DATES OF PUBLICATION AND/OR SEQUENTIAL DESIGNATION
Dates of publication and/or sequential designation Oct-Dec
520 ## - SUMMARY, ETC.
Summary, etc. Delivery mechanism of basic social services has been one of the fundamental issues in determining the success or failure of poverty alleviation programmes, including social safety programmes in the country. Instead of problems of ineffective delivery of services being implicated at the level of macro policies, much of such problems rest at lower level of administration. This article looks at the problems related to the delivery of social security pensions in eight towns in MP. The article concludes that the responsibility of delivery of social security pensions should be given to local and decentralised structures with fundamental changes in the system of sanctioning and disbursement of pensions. - Reproduced.
650 ## - SUBJECT ADDED ENTRY--TOPICAL TERM
Topical term or geographic name entry element Pensions - India - Madhya Pradesh
650 ## - SUBJECT ADDED ENTRY--TOPICAL TERM
Topical term or geographic name entry element Social security - India - Madhya Pradesh
650 ## - SUBJECT ADDED ENTRY--TOPICAL TERM
Topical term or geographic name entry element Social security
700 ## - ADDED ENTRY--PERSONAL NAME
Personal name Singh, Shyam
773 ## - HOST ITEM ENTRY
Main entry heading Indian Journal of Public Administration
909 ## -
-- 109778
Holdings
Withdrawn status Lost status Damaged status Not for loan Permanent Location Current Location Date acquired Serial Enumeration / chronology Barcode Date last seen Price effective from Koha item type
        Indian Institute of Public Administration Indian Institute of Public Administration 2018-07-19 Volume no: 61, Issue no: 4 AR110238 2018-07-19 2018-07-19 Articles

Powered by Koha